000 00525nam a2200205 a 4500
999 _c7151
_d7151
001 7151
003 BD-JhCC
005 20180205165142.0
008 180205s1964 usa |||| |||| 000 0 eng d
035 _a(BD-JhCC)
040 _aBD-JhCC
_dBD-JhCC
041 _aeng
082 _a821
_bKAN 1964
100 _aKane, Thomas S.
245 _aWriting Prose: Techniques and Purposes /
_cThomas S. Kane
260 _aUSA:
_bOxford University Press;
_c1964
300 _a486 p;,
_c24 cm
650 _aEnglish Prose
942 _2ddc
_cBK